「湖」がつく駅 - Statistics

General Stats
  • This quiz has been taken 430 times
  • The average score is 8 of 20
Answer Stats
Hint Answer % Correct
山梨県 河口湖
69%
神奈川県 相模湖
64%
秋田県 田沢湖
57%
滋賀県 びわ湖浜大津
56%
福島県 猪苗代湖畔
55%
千葉県 湖北
54%
静岡県 奥大井湖上
53%
島根県 松江しんじ湖温泉
51%
東京都 多摩湖
48%
福井県 九頭竜湖
44%
長野県 みどり湖
40%
青森県 十二湖
38%
静岡県 浜名湖佐久米
37%
鳥取県 湖山
36%
茨城県 北浦湖畔
27%
富山県 黒部湖
27%
長野県 松原湖
26%
岩手県 ゆだ錦秋湖
22%
島根県 湖遊館新駅
21%
静岡県 奥浜名湖
16%
No matching quizzes found
Score Distribution
Percent of People with Each Score
Percentile by Number Answered
Your Score History
You have not taken this quiz